| 000 | nam a22 a 4500 | ||
|---|---|---|---|
| 999 |
_c423441 _d423441 |
||
| 003 | BLK | ||
| 005 | 20220208103119.0 | ||
| 008 | 200316b bul|||||r ||||||| ||bul|| | ||
| 040 | _aBLK | ||
| 041 |
_aBUL _cBUL |
||
| 080 |
_aБългарска литература _b821.163.2 _z821.163.2-32 |
||
| 100 | 1 |
_aМиладинов, Димитър Христов _eпърви автор _9515423 |
|
| 139 | _aМиладинов, Димитър Христов | ||
| 245 | 1 | 0 |
_aСъчинения _cДимитър Миладинов; Константин Миладинов; под ред. на Никола Табаков |
| 250 | _a2. изд. | ||
| 257 | _aBGR | ||
| 260 |
_aСофия _bХемус _c1943 |
||
| 300 |
_a100 с. _c18 см |
||
| 380 | _aX | ||
| 700 | 1 |
_aМиладинов, Константин Христов _eсъавт. _9515424 |
|
| 700 | 1 |
_aТабаков, Никола _eпод ред. на _9401778 |
|
| 700 | 1 |
_aМиладинови, братя _9410643 |
|
| 852 | _aЦб 8.180.29597 | ||
| 852 |
_aЦб I 1150 _bО |
||
| 942 |
_cKNG _n0 _2udc _s1 |
||
| 944 |
_aCR _c2021-07-09 _kВ. Т. |
||
| 944 |
_aED _c2022-02-08 _kХристина Везирева |
||
| 999 | _d423441 | ||